[Event "Joao Pessoa op 4th"]
[Site "Joao Pessoa"]
[Date "2013.03.17"]
[Round "6"]
[White "Braga, Jose Pereira"]
[Black "De Souza, Rafael Cabral"]
[Result "0-1"]
[WhiteElo "1982"]
[BlackElo "2170"]
[PlyCount "94"]
[EventDate "2013.03.15"]
[EventType "swiss"]
[EventRounds "6"]
[EventCountry "BRA"]
[SourceTitle "CBM 153 Extra"]
[Source "ChessBase"]
[SourceDate "2013.04.22"]
[SourceVersion "1"]
[SourceVersionDate "2013.04.22"]
[SourceQuality "1"]

1. e4 c5 2. Nf3 Nc6 3. d4 cxd4 4. Nxd4 g6 5. Be3 Bg7 6. Nc3 Nf6 7. f3 0-0 8. Qd2 d5 9. 0-0-0 Nxd4 10. Bxd4 dxe4 11. Bxf6 Qxd2+ 12. Kxd2 Bxf6 13. fxe4 Bg4 14. Be2 Bxc3+ 15. bxc3 Rfd8+ 16. Ke3 Bxe2 17. Kxe2 Rac8 18. Rxd8+ Rxd8 19. Rb1 b6 20. Rb4 e5 21. Rc4 Rd7 22. a4 Kf8 23. a5 Ke7 24. axb6 axb6 25. Rb4 Rd6 26. Rb5 f6 27. Rd5 Ke6 28. c4 f5 29. Ke3 Rc6 30. exf5+ gxf5 31. Kd3 Rd6 32. g4 fxg4 33. Ke4 Rc6 34. Rxe5+ Kf6 35. Rh5 Kg6 36. Rd5 Rxc4+ 37. Kd3 Rc6 38. c4 h5 39. Re5 Rf6 40. Ke2 Rc6 41. Kd3 h4 42. Rd5 Re6 43. c5 g3 44. hxg3 hxg3 45. Kc4 Rc6 46. Rd6+ Rxd6 47. cxd6 Kf7 0-1

[Event "Joao Pessoa op 4th"]
[Site "Joao Pessoa"]
[Date "2013.03.15"]
[Round "2"]
[White "Braga, Jose Pereira"]
[Black "De Moura, Eduardo Henrique B"]
[Result "1-0"]
[WhiteElo "1982"]
[BlackElo "1689"]
[PlyCount "67"]
[EventDate "2013.03.15"]
[EventType "swiss"]
[EventRounds "6"]
[EventCountry "BRA"]
[SourceTitle "CBM 153 Extra"]
[Source "ChessBase"]
[SourceDate "2013.04.22"]
[SourceVersion "1"]
[SourceVersionDate "2013.04.22"]
[SourceQuality "1"]

1. e4 e5 2. Nf3 d6 3. d4 exd4 4. Nxd4 Nf6 5. Nc3 c6 6. Bg5 Nbd7 7. Be2 h6 8. Bh4 g6 9. Bg3 Qe7 10. 0-0 Bg7 11. Nb3 d5 12. exd5 0-0 13. dxc6 bxc6 14. Bd6 Qd8 15. Bxf8 Qxf8 16. Qd2 Bb7 17. Rad1 h5 18. Qd6 Qxd6 19. Rxd6 a5 20. a4 Re8 21. Nxa5 Ba8 22. Bf3 c5 23. Bxa8 Rxa8 24. Nc4 Re8 25. Rfd1 Re7 26. h3 Ne5 27. Nxe5 Rxe5 28. Nd5 Nxd5 29. R6xd5 Re2 30. Rxc5 Bxb2 31. a5 Re8 32. a6 Re7 33. Rb5 Bc3 34. Rb7 1-0

[Event "BRA-ch Seniors"]
[Site "Joao Pessoa"]
[Date "2012.07.29"]
[Round "6"]
[White "Lucena, Helianto dos Santos"]
[Black "Braga, Jose Pereira"]
[Result "1/2-1/2"]
[WhiteElo "1919"]
[BlackElo "2012"]
[PlyCount "21"]
[EventDate "2012.07.27"]
[EventType "swiss"]
[EventRounds "6"]
[EventCountry "BRA"]
[SourceTitle "EXT 2014"]
[Source "ChessBase"]
[SourceDate "2013.11.20"]
[SourceVersion "1"]
[SourceVersionDate "2013.11.20"]
[SourceQuality "1"]

1. d4 d5 2. c4 e6 3. Nc3 Nf6 4. Nf3 c5 5. e3 Nc6 6. cxd5 exd5 7. Be2 Be7 8. 0-0 0-0 9. dxc5 Bxc5 10. Nd4 Nxd4 11. exd4 1/2-1/2

[Event "BRA-ch Seniors"]
[Site "Joao Pessoa"]
[Date "2012.07.28"]
[Round "3"]
[White "Braga, Jose Pereira"]
[Black "Baltar, Petrov Ferreira"]
[Result "0-1"]
[WhiteElo "2012"]
[BlackElo "1834"]
[PlyCount "68"]
[EventDate "2012.07.27"]
[EventType "swiss"]
[EventRounds "6"]
[EventCountry "BRA"]
[SourceTitle "EXT 2014"]
[Source "ChessBase"]
[SourceDate "2013.11.20"]
[SourceVersion "1"]
[SourceVersionDate "2013.11.20"]
[SourceQuality "1"]

1. d4 d5 2. c4 e6 3. Nc3 f5 4. Nf3 Nf6 5. Bg5 Bb4 6. Qb3 Bxc3+ 7. bxc3 c6 8. e3 0-0 9. Bd3 Qa5 10. 0-0 Ne4 11. Bxe4 fxe4 12. Ne5 Qc7 13. Bh4 Nd7 14. Bg3 Nxe5 15. Bxe5 Qd8 16. f3 exf3 17. Rxf3 Rxf3 18. gxf3 Qg5+ 19. Kf2 Qh4+ 20. Ke2 b6 21. Qa4 Bb7 22. Rg1 g6 23. cxd5 exd5 24. Rg4 Qh3 25. Qc2 Ba6+ 26. Kf2 Qf1+ 27. Kg3 Bd3 28. Qd2 Rf8 29. Rf4 Rxf4 30. Bxf4 Be2 31. Kh4 Qxf3 32. h3 Kf7 33. a3 Qf2+ 34. Kg5 h6+ 0-1

[Event "BRA-ch Seniors"]
[Site "Joao Pessoa"]
[Date "2012.07.28"]
[Round "4"]
[White "Moraes, Maurino Anastacio"]
[Black "Braga, Jose Pereira"]
[Result "1/2-1/2"]
[WhiteElo "1735"]
[BlackElo "2012"]
[PlyCount "120"]
[EventDate "2012.07.27"]
[EventType "swiss"]
[EventRounds "6"]
[EventCountry "BRA"]
[SourceTitle "EXT 2014"]
[Source "ChessBase"]
[SourceDate "2013.11.20"]
[SourceVersion "1"]
[SourceVersionDate "2013.11.20"]
[SourceQuality "1"]

1. e4 d6 2. d4 Nf6 3. Nc3 g6 4. f3 Bg7 5. Be3 c6 6. Qd2 b5 7. Nge2 a5 8. g4 a4 9. a3 Qa5 10. Ng3 h5 11. e5 Nfd7 12. gxh5 dxe5 13. hxg6 b4 14. gxf7+ Kxf7 15. Bc4+ Kf8 16. Nce4 bxa3 17. Qxa5 Rxa5 18. Rxa3 exd4 19. Bd2 Ra8 20. b3 Nb6 21. Bd3 Bh3 22. Kf2 axb3 23. Rxa8 Nxa8 24. cxb3 Nb6 25. Ra1 N8d7 26. Ng5 Nc5 27. Bc4 Bf6 28. Ra7 Nxc4 29. bxc4 Kg7 30. Nxh3 Rxh3 31. Kg2 Rh7 32. Bb4 Nd3 33. Bxe7 Kg6 34. Bxf6 Rxa7 35. Bxd4 Ra2+ 36. Kh3 Nf4+ 37. Kg4 Ne6 38. Bg1 Ra4 39. h4 Rxc4+ 40. Ne4 Ng7 41. Bh2 Nh5 42. Be5 Ra4 43. Kh3 Kf5 44. Bd6 Ra1 45. Be7 Kf4 46. Nd2 Rg1 47. Bg5+ Kf5 48. Ne4 Rd1 49. Kg2 Nf4+ 50. Kf2 Ne6 51. Be3 Nf4 52. Ng3+ Ke5 53. h5 Nd5 54. Bg5 Ke6 55. f4 Rd2+ 56. Kf3 Rh2 57. h6 c5 58. f5+ Kf7 59. Kg4 Nf6+ 60. Bxf6 Kxf6 1/2-1/2

[Event "Fortaleza Brazil op 2nd"]
[Site "Fortaleza"]
[Date "2012.04.08"]
[Round "7"]
[White "Braga, Jose Pereira"]
[Black "Lucena, Jose Silvio"]
[Result "1/2-1/2"]
[WhiteElo "2014"]
[BlackElo "2145"]
[PlyCount "67"]
[EventDate "2012.04.05"]
[EventType "swiss"]
[EventRounds "7"]
[EventCountry "BRA"]
[SourceTitle "CBM 147 Extra"]
[Source "ChessBase"]
[SourceDate "2012.04.24"]
[SourceVersion "1"]
[SourceVersionDate "2012.04.24"]
[SourceQuality "1"]

1. d4 Nf6 2. c4 c5 3. Nf3 g6 4. Nc3 Bg7 5. e4 cxd4 6. Nxd4 0-0 7. Be2 Nc6 8. Be3 d6 9. 0-0 Bd7 10. Qd2 Ng4 11. Nxc6 bxc6 12. Bg5 Be6 13. Rad1 c5 14. b3 Re8 15. h3 Ne5 16. f4 Nc6 17. f5 Bd7 18. Nd5 Bd4+ 19. Kh1 f6 20. Bh6 Ne5 21. Qf4 Bc6 22. fxg6 hxg6 23. Qh4 Kf7 24. Bg5 Rh8 25. Qg3 Bxd5 26. exd5 Kg7 27. Bd2 Qd7 28. Be3 Bxe3 29. Qxe3 a5 30. Bd3 a4 31. Qg3 axb3 32. axb3 Rhb8 33. Rde1 Qe8 34. Bf5 1/2-1/2

[Event "Fortaleza Brazil op 2nd"]
[Site "Fortaleza"]
[Date "2012.04.06"]
[Round "2"]
[White "Brito, Luismar Jorge"]
[Black "Braga, Jose Pereira"]
[Result "1-0"]
[WhiteElo "2247"]
[BlackElo "2014"]
[PlyCount "96"]
[EventDate "2012.04.05"]
[EventType "swiss"]
[EventRounds "7"]
[EventCountry "BRA"]
[SourceTitle "CBM 147 Extra"]
[Source "ChessBase"]
[SourceDate "2012.04.24"]
[SourceVersion "1"]
[SourceVersionDate "2012.04.24"]
[SourceQuality "1"]

1. Nc3 Nf6 2. Nf3 d5 3. d4 e6 4. Bf4 c5 5. e3 Bd6 6. Bg3 0-0 7. Be2 Nc6 8. 0-0 Bxg3 9. hxg3 cxd4 10. exd4 b6 11. Re1 Ne4 12. Nxe4 dxe4 13. Bb5 Bb7 14. Rxe4 Ne7 15. Re1 Qc7 16. c3 Rfd8 17. Qe2 h6 18. Ne5 Nd5 19. Ba6 Bc6 20. Bd3 Nf6 21. Nxc6 Qxc6 22. Be4 Nxe4 23. Qxe4 Rac8 24. Qxc6 Rxc6 25. Re5 f6 26. Re2 Kf7 27. f4 Rd5 28. Rae1 h5 29. Kf2 b5 30. a3 g5 31. Kf3 a5 32. Ke3 b4 33. axb4 axb4 34. Kd3 bxc3 35. bxc3 Ra6 36. Rb1 Kg6 37. Rb8 Kf5 38. Rf8 Kg6 39. Rh8 Rb6 40. Re8 Rdd6 41. fxg5 Kxg5 42. Rg8+ Kh6 43. Rc8 Ra6 44. Rb2 Ra1 45. Ke4 Rg1 46. Rf2 Kg7 47. Ra2 Rd5 48. Ra6 Rxg2 1-0

[Event "Natal Potiguar op"]
[Site "Natal"]
[Date "2011.08.20"]
[Round "3"]
[White "Braga, Jose Pereira"]
[Black "De Saboya E Silva, Jose Frederic"]
[Result "0-1"]
[WhiteElo "2018"]
[BlackElo "2214"]
[PlyCount "74"]
[EventDate "2011.08.19"]
[EventType "swiss"]
[EventRounds "6"]
[EventCountry "BRA"]
[SourceTitle "EXT 2014"]
[Source "ChessBase"]
[SourceDate "2013.11.20"]
[SourceVersion "1"]
[SourceVersionDate "2013.11.20"]
[SourceQuality "1"]

1. d4 Nf6 2. c4 c5 3. e3 g6 4. Nc3 Bg7 5. Nf3 0-0 6. g3 cxd4 7. exd4 d5 8. cxd5 Nxd5 9. Bg2 Nc6 10. 0-0 Nb6 11. Be3 Nc4 12. Qe2 Nxe3 13. fxe3 Bg4 14. h3 Bd7 15. Rad1 Rc8 16. Kh2 a6 17. d5 Ne5 18. Nd4 Qb6 19. Ne4 Nc4 20. b3 Nd6 21. Nxd6 exd6 22. Rfe1 Rfe8 23. Qd2 Be5 24. Re2 h5 25. h4 Qd8 26. Nf3 Bg4 27. Nxe5 Rxe5 28. Rf1 Bxe2 29. Qxe2 Qe7 30. Qd2 Rxe3 31. Rc1 Rxc1 32. Qxc1 Qe5 33. Qc8+ Kg7 34. Qh3 Re2 35. Kh1 Qa1+ 36. Bf1 Qe1 37. g4 hxg4 0-1

[Event "Natal Potiguar op"]
[Site "Natal"]
[Date "2011.08.20"]
[Round "4"]
[White "Melo, Fernando Antonio Al"]
[Black "Braga, Jose Pereira"]
[Result "0-1"]
[WhiteElo "1842"]
[BlackElo "2018"]
[PlyCount "90"]
[EventDate "2011.08.19"]
[EventType "swiss"]
[EventRounds "6"]
[EventCountry "BRA"]
[SourceTitle "EXT 2014"]
[Source "ChessBase"]
[SourceDate "2013.11.20"]
[SourceVersion "1"]
[SourceVersionDate "2013.11.20"]
[SourceQuality "1"]

1. f4 d5 2. Nf3 Nf6 3. b3 g6 4. Bb2 Bg7 5. g3 0-0 6. Bg2 c5 7. 0-0 Nc6 8. Na3 Bf5 9. Rc1 Rc8 10. c3 Qa5 11. Ne5 Rfd8 12. Nxc6 bxc6 13. Ra1 Ne4 14. Bxe4 Bxe4 15. Qe1 Bf5 16. Qc1 Qb6 17. c4 d4 18. d3 Qc7 19. Nc2 e5 20. Ne1 Re8 21. Qd2 Bh6 22. Ng2 Bh3 23. Rae1 Bxg2 24. Kxg2 exf4 25. Qc2 fxg3 26. hxg3 Re3 27. Rf3 Rce8 28. Qd1 Qe5 29. Rxe3 Qxe3 30. Qc2 Qe6 31. Bc1 Be3 32. Bxe3 Qxe3 33. Rf1 Qxe2+ 34. Qxe2 Rxe2+ 35. Rf2 Rxf2+ 36. Kxf2 f5 37. Kf3 g5 38. a3 a5 39. g4 fxg4+ 40. Kxg4 h6 41. Kf5 Kf7 42. a4 Ke7 43. Kg4 Ke6 44. Kh5 Kf6 45. Kg4 Kg6 0-1